000 00625nam a2200205Ia 4500
003 GCL
008 140319s9999 xx 000 0 ara d
040 _aGCL /
_cGCL
082 0 4 _a258.3
_bم ا
100 1 _aمحمد ابوزهرة
245 1 0 _aالشافعى: حياته وعصره اراؤه وفقهه /
_cمحمد ابوزهرة
260 _a[S.N] :
_bدار الفكر العربى
300 _a344 ص
490 _a
650 0 4 _aالاسلام
650 0 4 _aالشافعى محمد بن ادريس
650 0 4 _aالفقه الشافعى
650 0 4 _aالمذاهب الاسلامية
942 _2ddc
_cBK
999 _c31200
_d31200